[Event "HUN-chT2 Charousek 1516"]
[Site "Hungary"]
[Date "2015.11.29"]
[Round "3.7"]
[White "Sebestyen, Balazs"]
[Black "Roos, Jean Luc"]
[Result "1/2-1/2"]
[WhiteElo "2264"]
[BlackElo "2249"]
[PlyCount "129"]
[EventDate "2015.10.18"]
[EventType "team-tourn"]
[EventRounds "9"]
[EventCountry "HUN"]
[SourceTitle "CBM 170 Extra"]
[Source "ChessBase"]
[SourceDate "2016.02.25"]
[SourceVersion "1"]
[SourceVersionDate "2016.02.25"]
[SourceQuality "1"]
[WhiteTeam "Decs 1990"]
[BlackTeam "Budapest MTK"]
[WhiteTeamCountry "HUN"]
[BlackTeamCountry "HUN"]

1. Nf3 c5 2. g3 g6 3. Bg2 Nc6 4. d4 cxd4 5. Nxd4 Bg7 6. e3 Qb6 7. Nb3 Nf6 8. 0-0 0-0 9. Nc3 d6 10. h3 a5 11. e4 a4 12. Be3 Qd8 13. Nd2 a3 14. bxa3 Nd7 15. Nb5 Bxa1 16. Qxa1 f6 17. f4 Nb6 18. Rb1 Na4 19. c4 Be6 20. Nd4 Nxd4 21. Bxd4 Nc5 22. e5 Bf5 23. exf6 Bxb1 24. Qxb1 exf6 25. Bd5+ Kh8 26. Qb2 Qe7 27. Nf3 Rae8 28. g4 Ne6 29. Bxe6 Qxe6 30. g5 Qxh3 31. Kf2 Qd7 32. gxf6 Rf7 33. Ng5 h6 34. Nxf7+ Qxf7 35. Qb6 Re6 36. Qd8+ Kh7 37. a4 h5 38. a5 h4 39. Kf3 h3 40. Kg3 Re2 41. Kxh3 g5 42. Kg3 Re4 43. Qxd6 Rxf4 44. Qe5 Qd7 45. Qe7+ Qxe7 46. fxe7 Re4 47. Bc5 Kg6 48. Bd6 Kf7 49. c5 Ra4 50. a6 Rxa6 51. Kg4 Rxa2 52. Kxg5 Rd2 53. Kf4 b5 54. Ke5 b4 55. c6 b3 56. Bc5 Re2+ 57. Kd5 b2 58. c7 b1Q 59. c8Q Qd3+ 60. Kc6 Re6+ 61. Kc7 Qg3+ 62. Kb7 Qf3+ 63. Kb8 Qb3+ 64. Qb7 Qxb7+ 65. Kxb7 1/2-1/2

[Event "HUN-chT 1213"]
[Site "Hungary"]
[Date "2012.11.18"]
[Round "4"]
[White "Mester, Gyula"]
[Black "Sebestyen, Balazs"]
[Result "1/2-1/2"]
[WhiteElo "2394"]
[BlackElo "2289"]
[PlyCount "77"]
[EventDate "2012.09.16"]
[EventType "team-tourn"]
[EventRounds "9"]
[EventCountry "HUN"]
[SourceTitle "CBM 151 Extra"]
[Source "ChessBase"]
[SourceDate "2012.12.18"]
[SourceVersion "1"]
[SourceVersionDate "2012.12.18"]
[SourceQuality "1"]
[WhiteTeam "Penzugyor"]
[BlackTeam "Decs"]
[WhiteTeamCountry "HUN"]
[BlackTeamCountry "HUN"]

1. d4 e6 2. c4 b6 3. e4 Bb7 4. Bd3 Nc6 5. Ne2 Nb4 6. Nbc3 Nxd3+ 7. Qxd3 d6 8. 0-0 Qd7 9. a4 a5 10. f4 Ne7 11. d5 g6 12. Nd4 Bg7 13. f5 gxf5 14. exf5 Bxd4+ 15. Qxd4 0-0-0 16. fxe6 fxe6 17. Bg5 Rhg8 18. Ne4 Nf5 19. Qd2 Rdf8 20. Nf6 Qg7 21. Nxg8 Rxg8 22. Bf4 e5 23. Bg3 Nxg3 24. hxg3 Qxg3 25. Rf7 h5 26. Raf1 Kb8 27. Rf8+ Bc8 28. Rxg8 Qxg8 29. b4 axb4 30. Qxb4 h4 31. Qc3 h3 32. Rf2 Qg4 33. a5 Qd1+ 34. Kh2 hxg2 35. Rxg2 Qh5+ 36. Kg1 Qd1+ 37. Kf2 bxa5 38. Ke3 Bg4 39. Kf2 1/2-1/2

[Event "HUN-chT 1011"]
[Site "Hungary"]
[Date "2011.03.27"]
[Round "7"]
[White "Sebestyen, Balazs"]
[Black "Ruck, Tamas"]
[Result "1/2-1/2"]
[WhiteElo "2227"]
[BlackElo "2298"]
[PlyCount "120"]
[EventDate "2010.10.10"]
[EventType "team-tourn"]
[EventRounds "11"]
[EventCountry "HUN"]
[SourceTitle "EXT 2012"]
[Source "ChessBase"]
[SourceDate "2011.11.24"]
[SourceVersion "1"]
[SourceVersionDate "2011.11.24"]
[SourceQuality "1"]
[WhiteTeam "Decs"]
[BlackTeam "Haladas"]
[WhiteTeamCountry "HUN"]
[BlackTeamCountry "HUN"]

1. Nf3 d5 2. g3 Nf6 3. Bg2 Nbd7 4. d4 e6 5. 0-0 Be7 6. c4 0-0 7. b3 c6 8. Nbd2 b6 9. Ne5 Bb7 10. e4 dxc4 11. Nexc4 b5 12. Ne3 e5 13. Bb2 exd4 14. Bxd4 Bc5 15. Bxc5 Nxc5 16. Qc2 Ne6 17. Rad1 Qb6 18. e5 Nd5 19. Nf5 Nd4 20. Nxd4 Qxd4 21. Nf3 Qc3 22. Qf5 f6 23. Rc1 Qb4 24. Qd7 Rf7 25. Qe6 Nc7 26. Qf5 fxe5 27. Qxe5 Re8 28. Qd4 Nd5 29. Qxb4 Nxb4 30. a3 Nd5 31. Nd4 b4 32. Nxc6 Nc3 33. Ra1 Bxc6 34. Bxc6 Rc8 35. Bg2 bxa3 36. Rxa3 Re7 37. b4 h6 38. Bf3 Rcc7 39. Kg2 Kf8 40. Rb3 Nb5 41. Rd1 Re5 42. Rbd3 Rc4 43. Rd7 g5 44. Bh5 Re7 45. Rd8+ Kg7 46. R1d7 Rxd7 47. Rxd7+ Kf6 48. Be2 Rxb4 49. Rb7 a6 50. Rb6+ Kg7 51. Rxa6 Nc3 52. Bd3 Ne4 53. Re6 Nf6 54. Re7+ Kf8 55. Ra7 Rd4 56. Bf5 Rd6 57. Kf3 Nd5 58. Ke4 Ne7 59. g4 Rb6 60. Rc7 Rb4+ 1/2-1/2

[Event "HUN-chT 1011"]
[Site "Hungary"]
[Date "2010.10.10"]
[Round "1"]
[White "Sebestyen, Balazs"]
[Black "Dobos, Jozsef"]
[Result "1/2-1/2"]
[WhiteElo "2227"]
[BlackElo "2274"]
[PlyCount "80"]
[EventDate "2010.10.10"]
[EventType "team-tourn"]
[EventRounds "11"]
[EventCountry "HUN"]
[SourceTitle "EXT 2012"]
[Source "ChessBase"]
[SourceDate "2011.11.24"]
[SourceVersion "1"]
[SourceVersionDate "2011.11.24"]
[SourceQuality "1"]
[WhiteTeam "Decs"]
[BlackTeam "Csuti"]
[WhiteTeamCountry "HUN"]
[BlackTeamCountry "HUN"]

1. Nf3 c5 2. g3 Nc6 3. Bg2 g6 4. 0-0 Bg7 5. c4 d6 6. Nc3 e5 7. d3 Nge7 8. Bg5 f6 9. Bd2 Be6 10. Qc1 0-0 11. Bh6 Qd7 12. Bxg7 Kxg7 13. Qd2 d5 14. cxd5 Nxd5 15. Rac1 b6 16. Ne1 Rac8 17. b3 Nxc3 18. Qxc3 Bd5 19. Qb2 Nd4 20. e3 Bxg2 21. Kxg2 Nc6 22. Rc4 Qd5+ 23. Kg1 Kg8 24. f4 f5 25. Qe2 exf4 26. Rcxf4 Rce8 27. Qf2 Qd6 28. e4 fxe4 29. Rxf8+ Rxf8 30. Qxf8+ Qxf8 31. Rxf8+ Kxf8 32. dxe4 Ne5 33. Kf2 Ke7 34. h3 b5 35. Ke3 g5 36. Kd2 Ke6 37. a4 a6 38. axb5 axb5 39. Kc3 h5 40. Kd2 g4 1/2-1/2

[Event "HUN-chT 0910"]
[Site "Hungary"]
[Date "2010.04.18"]
[Round "10"]
[White "Varadi, Viktor"]
[Black "Sebestyen, Balazs"]
[Result "0-1"]
[WhiteElo "2402"]
[BlackElo "2221"]
[PlyCount "128"]
[EventDate "2009.11.08"]
[EventType "team-tourn"]
[EventRounds "11"]
[EventCountry "HUN"]
[SourceTitle "EXT 2011"]
[Source "ChessBase"]
[SourceDate "2010.11.26"]
[SourceVersion "1"]
[SourceVersionDate "2010.11.26"]
[SourceQuality "1"]
[WhiteTeam "Kazincbarcika"]
[BlackTeam "Decs"]
[WhiteTeamCountry "HUN"]
[BlackTeamCountry "HUN"]

1. e4 e6 2. d4 d5 3. Nc3 Bb4 4. e5 c5 5. Bd2 Nh6 6. Bxh6 gxh6 7. a3 Bxc3+ 8. bxc3 Nc6 9. Qd2 Qa5 10. Nf3 Bd7 11. Rb1 0-0-0 12. Bb5 Rhg8 13. Bxc6 Bxc6 14. 0-0 Rg6 15. g3 Rdg8 16. Rfd1 h5 17. Nh4 Rg4 18. Ng2 Qd8 19. Qh6 R8g7 20. Qxh5 Qg8 21. h3 R7g5 22. hxg4 Rxh5 23. gxh5 Qg5 24. Nf4 Kc7 25. Rd2 h6 26. Kg2 Qf5 27. f3 Ba4 28. Rc1 c4 29. Kf2 Qg5 30. Rh1 Qf5 31. Ng2 Qg5 32. Ne3 Be8 33. Rh4 Qe7 34. Rf4 Qxa3 35. Rf6 Qxc3 36. Ke2 Qb2 37. Nd1 Qb4 38. c3 Qf8 39. Ne3 b5 40. Ra2 Kb7 41. Nc2 Qg7 42. g4 Qg5 43. Ra1 a5 44. Rg1 Qh4 45. Rf1 Qg5 46. Ra1 b4 47. cxb4 c3 48. Ne3 axb4 49. Rb1 Bb5+ 50. Kf2 c2 51. Rxf7+ Kb6 52. Rh1 b3 53. f4 Qxg4 54. Nxg4 b2 55. f5 exf5 56. Ne3 c1Q 57. Rxc1 bxc1Q 58. Nxd5+ Ka5 59. Ra7+ Ba6 60. Nc7 Qd2+ 61. Kf3 Qe2+ 62. Kg3 Qg4+ 63. Kh2 Qxh5+ 64. Kg2 Kb6 0-1

[Event "Budapest Spring op 26th"]
[Site "Budapest"]
[Date "2010.03.25"]
[Round "6"]
[White "Zsembery, Aron"]
[Black "Sebestyen, Balazs"]
[Result "0-1"]
[WhiteElo "1862"]
[BlackElo "2221"]
[PlyCount "68"]
[EventDate "2010.03.19"]
[EventType "swiss"]
[EventRounds "9"]
[EventCountry "HUN"]
[SourceTitle "CBM 135 Extra"]
[Source "ChessBase"]
[SourceDate "2010.05.04"]
[SourceVersion "1"]
[SourceVersionDate "2010.05.04"]
[SourceQuality "1"]

1. e4 e6 2. d4 d5 3. e5 c5 4. c3 Nc6 5. Nf3 Bd7 6. a3 f6 7. Bd3 Qc7 8. 0-0 0-0-0 9. Qe2 c4 10. Bc2 Nge7 11. Nbd2 Ng6 12. Re1 Na5 13. Rb1 Kb8 14. Nf1 Be7 15. Bd2 f5 16. Ng5 Rdf8 17. f4 h6 18. Nf3 Nh4 19. g3 Nxf3+ 20. Qxf3 g5 21. Kf2 Qd8 22. Be3 h5 23. fxg5 Bxg5 24. Bxg5 Qxg5 25. Qf4 Qe7 26. h4 Rhg8 27. Bd1 Be8 28. Ne3 Nc6 29. Ng2 Qh7 30. Be2 Ne7 31. Qe3 f4 32. Nxf4 Nf5 33. Qd2 Nxg3 34. Rg1 Ne4+ 0-1

[Event "HUN-chT 0910"]
[Site "Hungary"]
[Date "2010.03.21"]
[Round "8"]
[White "Gonda, Laszlo"]
[Black "Sebestyen, Balazs"]
[Result "1-0"]
[WhiteElo "2486"]
[BlackElo "2221"]
[PlyCount "79"]
[EventDate "2009.11.08"]
[EventType "team-tourn"]
[EventRounds "11"]
[EventCountry "HUN"]
[SourceTitle "EXT 2011"]
[Source "ChessBase"]
[SourceDate "2010.11.26"]
[SourceVersion "1"]
[SourceVersionDate "2010.11.26"]
[SourceQuality "1"]
[WhiteTeam "Aquaprofit"]
[BlackTeam "Decs"]
[WhiteTeamCountry "HUN"]
[BlackTeamCountry "HUN"]

1. d4 d5 2. Nf3 Nf6 3. c4 c6 4. Nc3 g6 5. Bf4 Bg7 6. e3 0-0 7. Rc1 Qb6 8. Qb3 Qxb3 9. axb3 Bf5 10. h3 Nbd7 11. Be2 Rac8 12. 0-0 Rfd8 13. cxd5 cxd5 14. b4 Nb6 15. g4 Bd7 16. Nd2 Ne8 17. b5 f6 18. Nb3 e5 19. Bh2 Nd6 20. Nc5 Kf7 21. Ra1 Ra8 22. Ra2 Be6 23. Rfa1 Nbc8 24. Bf3 e4 25. Bd1 h5 26. Bb3 Nc4 27. Bxc4 dxc4 28. Nxe6 Kxe6 29. Nxe4 hxg4 30. hxg4 f5 31. Nc5+ Kd5 32. Nxb7 Rg8 33. Ra6 Nb6 34. Rxa7 Rae8 35. R1a6 Re4 36. Rxb6 Rxg4+ 37. Bg3 f4 38. Rd6+ Ke4 39. Nc5+ Kf3 40. exf4 1-0

[Event "Budapest FS07 IM-A"]
[Site "Budapest"]
[Date "2009.07.08"]
[Round "5"]
[White "Bakin, Alexander1111"]
[Black "Sebestyen, Balazs"]
[Result "1/2-1/2"]
[WhiteElo "2248"]
[BlackElo "2242"]
[PlyCount "62"]
[EventDate "2009.07.04"]
[EventType "tourn"]
[EventRounds "11"]
[EventCountry "HUN"]
[SourceTitle "CBM 131 Extra"]
[Source "ChessBase"]
[SourceDate "2009.09.03"]
[SourceVersion "2"]
[SourceVersionDate "2009.09.16"]
[SourceQuality "1"]

1. e4 e6 2. d4 d5 3. Nd2 Nc6 4. Ngf3 Nf6 5. e5 Nd7 6. c4 dxc4 7. Nxc4 Nb6 8. a3 Be7 9. Bd3 0-0 10. 0-0 Nd5 11. Qe2 b5 12. Qe4 f5 13. exf6 Nxf6 14. Qxc6 Bd7 15. Qa6 bxc4 16. Bxc4 Bd6 17. Ne5 Rb8 18. b4 Bxe5 19. dxe5 Rb6 20. Qa5 Ng4 21. h3 Nxf2 22. Be3 Rc6 23. Rxf2 Rxf2 24. Bxf2 Rxc4 25. Bc5 Qg5 26. Qxc7 Rc1+ 27. Rxc1 Qxc1+ 28. Kh2 Qf4+ 29. Kg1 Qc1+ 30. Kh2 Qf4+ 31. Kg1 Qc1+ 1/2-1/2

[Event "Budapest FS07 IM-A"]
[Site "Budapest"]
[Date "2009.07.04"]
[Round "1"]
[White "Khadempour, Farhad"]
[Black "Sebestyen, Balazs"]
[Result "0-1"]
[WhiteElo "2180"]
[BlackElo "2242"]
[PlyCount "72"]
[EventDate "2009.07.04"]
[EventType "tourn"]
[EventRounds "11"]
[EventCountry "HUN"]
[SourceTitle "CBM 131 Extra"]
[Source "ChessBase"]
[SourceDate "2009.09.03"]
[SourceVersion "2"]
[SourceVersionDate "2009.09.16"]
[SourceQuality "1"]

1. c4 e5 2. Nc3 Bb4 3. g3 f5 4. Bg2 Nf6 5. Nf3 Nc6 6. 0-0 Bxc3 7. bxc3 0-0 8. d3 d6 9. Rb1 Qe8 10. Qc2 Qh5 11. Re1 f4 12. Bd2 Rb8 13. Rb2 Bh3 14. Bh1 Qg4 15. Reb1 Nh5 16. Be1 Ne7 17. Rxb7 Rxb7 18. Rxb7 Nf5 19. Qd2 h6 20. Bg2 Bxg2 21. Kxg2 fxg3 22. fxg3 e4 23. dxe4 Nh4+ 24. Kg1 Nxf3+ 25. exf3 Qxf3 26. Bf2 Nf6 27. Qe3 Qd1+ 28. Qe1 Qc2 29. h3 Nxe4 30. Bd4 Ng5 31. Kh1 Qf5 32. Rxc7 Qxh3+ 33. Kg1 Nf3+ 34. Kf2 Nxd4+ 35. Ke3 Nc2+ 36. Kd2 Nxe1 0-1

[Event "Budapest Spring op 25th"]
[Site "Budapest"]
[Date "2009.03.26"]
[Round "7"]
[White "Sebestyen, Balazs"]
[Black "Horvath, David G"]
[Result "1/2-1/2"]
[WhiteElo "2283"]
[BlackElo "2154"]
[PlyCount "104"]
[EventDate "2009.03.20"]
[EventType "swiss"]
[EventRounds "9"]
[EventCountry "HUN"]
[SourceTitle "CBM 129 Extra"]
[Source "ChessBase"]
[SourceDate "2009.05.05"]
[SourceVersion "2"]
[SourceVersionDate "2009.05.20"]
[SourceQuality "1"]

1. c4 c6 2. e4 e5 3. Nf3 d6 4. d4 Bg4 5. Be2 Bxf3 6. Bxf3 Nd7 7. Nc3 Ngf6 8. 0-0 Be7 9. Be3 0-0 10. a3 Qc7 11. Be2 Rfe8 12. d5 h6 13. b4 a5 14. Qd2 Bf8 15. f3 axb4 16. axb4 c5 17. Nb5 Qb6 18. Rfb1 Ra6 19. Rxa6 bxa6 20. Nc3 Qc7 21. b5 Ra8 22. Ra1 a5 23. Na4 Nb6 24. Qe1 Nxa4 25. Rxa4 Be7 26. Bd2 Bd8 27. Qg3 Nh5 28. Qe1 Nf6 29. Bd3 Nd7 30. Qg3 Kf8 31. Qh3 Qc8 32. g3 Nb6 33. Qxc8 Nxc8 34. f4 Bb6 35. Kf2 Ke7 36. Be2 Ke8 37. h4 f6 38. Bg4 Ne7 39. Be6 Kd8 40. Kf3 Ng6 41. f5 Nf8 42. g4 Ke7 43. g5 hxg5 44. hxg5 Nh7 45. g6 Ng5+ 46. Ke3 Rh8 47. Bxa5 Ra8 48. Bxb6 Rxa4 49. Bc7 Nxe6 50. fxe6 Rxc4 51. b6 Rb4 52. Kd3 Rb5 1/2-1/2

[Event "Budapest FS03 IM-A"]
[Site "Budapest"]
[Date "2009.03.14"]
[Round "8"]
[White "Sebestyen, Balazs"]
[Black "Bach, Matthias"]
[Result "0-1"]
[WhiteElo "2283"]
[BlackElo "2276"]
[PlyCount "82"]
[EventDate "2009.03.07"]
[EventType "tourn"]
[EventRounds "11"]
[EventCountry "HUN"]
[SourceTitle "CBM 129 Extra"]
[Source "ChessBase"]
[SourceDate "2009.05.05"]
[SourceVersion "2"]
[SourceVersionDate "2009.05.20"]
[SourceQuality "1"]

1. c4 e6 2. Nf3 d5 3. e3 c5 4. cxd5 exd5 5. Bb5+ Nc6 6. 0-0 Nf6 7. d4 Bd6 8. dxc5 Bxc5 9. Bd2 0-0 10. Qc2 Qe7 11. Rc1 Bd6 12. Bxc6 bxc6 13. Qxc6 Bg4 14. Nc3 Rad8 15. Nb5 Bxf3 16. gxf3 Bb8 17. Ba5 Rd7 18. Bc3 Nh5 19. Bb4 Qg5+ 20. Kf1 Rfd8 21. Ba5 h6 22. Bxd8 Rxd8 23. Nd4 Bxh2 24. Rd1 Qg1+ 25. Ke2 Qg2 26. Nf5 g6 27. Nxh6+ Kg7 28. Ng4 Ng3+ 29. Kd3 Ne4 30. Kd4 Rd6 31. Qc2 Qxf3 32. Nxh2 Qf6+ 33. Kd3 Rc6 34. Qxc6 Qxc6 35. Rac1 Qd6 36. Ng4 f5 37. f3 Nc5+ 38. Rxc5 Qxc5 39. Nf2 Qb5+ 40. Kc2 Qe2+ 41. Rd2 Qxe3 0-1

[Event "Budapest FS03 IM-A"]
[Site "Budapest"]
[Date "2009.03.08"]
[Round "2"]
[White "Sebestyen, Balazs"]
[Black "Bacso, Gabor"]
[Result "0-1"]
[WhiteElo "2283"]
[BlackElo "2123"]
[PlyCount "84"]
[EventDate "2009.03.07"]
[EventType "tourn"]
[EventRounds "11"]
[EventCountry "HUN"]
[SourceTitle "CBM 129 Extra"]
[Source "ChessBase"]
[SourceDate "2009.05.05"]
[SourceVersion "2"]
[SourceVersionDate "2009.05.20"]
[SourceQuality "1"]

1. e4 c5 2. Nf3 e6 3. Nc3 a6 4. a4 Nc6 5. d3 Qc7 6. g3 d6 7. Bg2 Nf6 8. 0-0 Be7 9. Nd2 Rb8 10. f4 0-0 11. Nf3 b5 12. h3 Nd4 13. axb5 axb5 14. g4 b4 15. Ne2 Nxf3+ 16. Bxf3 Bb7 17. Ng3 Ra8 18. Rxa8 Rxa8 19. Qe2 d5 20. e5 Nd7 21. Re1 Re8 22. Kh2 f6 23. g5 fxe5 24. fxe5 g6 25. Bg4 Bf8 26. Bf4 Bg7 27. Nf1 Nb6 28. b3 d4 29. Nd2 Nd5 30. Bg3 Ne3 31. Nc4 Nxg4+ 32. hxg4 Rf8 33. Rf1 Rxf1 34. Qxf1 Qc6 35. Nd6 Qf3 36. Qxf3 Bxf3 37. Ne4 Bxe4 38. dxe4 c4 39. Be1 d3 40. Bxb4 dxc2 41. Ba3 Bxe5+ 42. Kg2 cxb3 0-1